000
00291nam a22001337a 4500
008
180904b xxu||||| |||| 00| 0 eng d
020
_a
9780155016194
041
_a
eng
080
_a
710
100
_a
45
101
_a
ART
245
_a
Art through the Ages
_c
Tansey, R.G
942
_2
udc
_c
BK
999
_c
47517
_d
47517